000 00304nam a2200121 a 4500
008 100922s1988|||| d
245 1 0 _aObraz Martina Blaskowitza
100 1 _aMundstock, Theodor
260 _bSlovenský spisovateľ
_aBratislava
_c1988
020 _c21
044 _axo
_cSK
041 _aslo
999 _c10583
_d10583